Paroles - Sous le vent - Garou & Céline Dion - Statistiques

Statistiques générales
  • Ce quiz a été pris 3 271 fois
  • Le résultat moyen est 230 sur 263
Statistiques - réponses
* Paroles % Correct
le
99%
si
99%
Garou Et
98%
Et..
98%
Et...
98%
sous
98%
| Céline Dion Sous
98%
Céline Dion (Sous
98%
vent
98%
vent)
98%
vent...
98%
C'est
97%
c'est
97%
j'ai
97%
J'ai
97%
Céline Dion (J'ai
97%
tu
97%
à
96%
la
96%
que
96%
crois
95%
Un
95%
un
95%
Je
94%
je
94%
me
93%
voile
92%
fini
91%
grande
91%
de
90%
mon
90%
peu
90%
Qui
88%
comme
87%
glissé
87%
les
87%
eu
86%
faux
86%
mer
86%
sorti
86%
une
85%
pris
83%
étoile
82%
instant
82%
instant)
82%
j'avais
82%
coeur
81%
peur
81%
terre
81%
Jamais
80%
juste
80%
l'ai
80%
pause,
78%
repos
78%
des
77%
répit
77%
trouvé
77%
quittais
76%
suivie
76%
Céline Dion (Suivie
76%
Après
74%
dangers
73%
donne
72%
en
72%
Ecoute
71%
Fais
71%
souffle
70%
tort
69%
avant
68%
vacances
68%
d'or
66%
pousse
66%
t'oublie
65%
Attends
64%
yeux
55%
Ferme
54%
nuit
53%
ton
45%
Respire
41%
corps
38%
aux
37%
Ouvre
33%
vents
33%
Aucun quiz correspondant
Distribution des résultats
% des personnes avec chaque résultat
Percentile par nombre de réponses
Votre historique - résultats
Vous n’avez pas pris ce quiz